| 000 | 00640nam a2200205Ia 4500 | ||
|---|---|---|---|
| 008 | 0000001972 sp a 0000000000spa00 | ||
| 090 | _aPSZ00 J12p | ||
| 100 | 1 | _aJaffe, Hans L. | |
| 245 | 1 | 0 |
_aPaul Klee _c/ Hans L. Jaffe ; traducción Fernando Hernández |
| 300 |
_a95 p. _c/ 30 cm. |
||
| 440 | _aGrandes maestros del siglo xx | ||
| 600 | 0 | 0 |
_aKLEE, PAUL, 18791940/ _xTRABAJOS PICTORICOS |
| 650 | 1 | 4 | _aARTE CONTEMPORANEO SUIZO |
| 650 | 1 | 4 | _xCATALOGOS |
| 650 | 1 | 4 | _xEXPOSICIONES |
| 650 | 1 | 4 | _aPINTORES SUIZOS |
| 650 | 1 | 4 | _aPINTURA SUIZA |
| 700 | 1 | _aHernández, Fernando, tr. | |
| 999 |
_c8477 _d8477 |
||
| 260 |
_aBarcelona : Nauta _c1972 |
||